00756naa#a2200193#i#4500001001600000005001700016011001400033100004100047102000700088200012900095210011000224215001000334608002700344675014300371700000600514700000600520700000600526856003000532EN\\bibl\12146120260429074923.3##a1994-4683##a20230531b2023####ek#y0engy0150####ca##aRU1#aDEVELOPMENT OF COORDINATION ABILITIES OF CHILDREN 7-8 YEARS OLD (FIRST YEAR OF STUDY IN THE KARATE SECTION)eJournal article1#aMoscowcNational State University of Physical Education, Sports and Health named after P.F. Lesgaftd2023##a6 с.##aJournal article2local##aКоординационные (психофизические) способности. Координация движений. 796.012.2#1g #1g #1g 4#auchzapiski.lesgaft.spb.ru